000 00757nmc a2200277 a 4500
003 AR-BaBNM
005 20251128204440.0
008 185019s1966 ||||||||||||||000 | spa||
020 _a950-13-6034-2
040 _cAR-BaBNM
100 1 _aSimon, Alfons
245 1 0 _aEl éxito en las reuniones de padres y maestros
260 _aBuenos Aires
_bKapelusz
_c1966
300 0 _a250 p.
490 0 _aBiblioteca de cultura pedagógica
650 4 _aPSICOLOGIA DE LA EDUCACION
650 4 _aREUNIONES
650 4 _aRELACION PADRES-DOCENTE
650 4 _aASESORAMIENTO DEL DOCENTE
650 4 _aEDUCACION SEXUAL
650 4 _aRELACION FAMILIA-ESCUELA
653 0 _aPROBLEMAS EDUCATIVOS
700 1 _aScherl, Josef
942 _cBK
998 _cMARTIN
999 _c7465
_d7465